Dios llega al hombre: El Nuevo Testamento de nuestro Señor Jesucristo

محفوظ في:
التفاصيل البيبلوغرافية
التنسيق: كتاب
اللغة:Undetermined
منشور في: Suecia Sociedades Bíblicas Unidas 1984
الطبعة:4
الموضوعات:
الوسوم: إضافة وسم
لا توجد وسوم, كن أول من يضع وسما على هذه التسجيلة!

MARC

LEADER 00000nam a2200000Ia 4500
008 170316s9999 xx 000 0 und d
090 |a 230 D-1d 
245 |a Dios llega al hombre: El Nuevo Testamento de nuestro Señor Jesucristo 
250 |a 4 
260 |a Suecia 
260 |b Sociedades Bíblicas Unidas 
260 |c 1984 
300 |a 410 páginas 
650 |a TEOLOGÍA 
999 |c 17998  |d 17998 
040 |a cru BVZT 
942 |c 15 D  |h 230 D-1d  |2 z